Kjeldahl method for nitrogen determination (Record no. 40581)

MARC details
000 -LEADER
fixed length control field 00284nam a2200109Ia 4500
082 ## - DEWEY DECIMAL CLASSIFICATION NUMBER
Classification number 631.811.1:005
Item number JOH
100 ## - MAIN ENTRY--AUTHOR NAME
Personal name Johnson, J Benton
245 #0 - TITLE STATEMENT
Title Kjeldahl method for nitrogen determination
260 ## - PUBLICATION, DISTRIBUTION, ETC. (IMPRINT)
Place of publication Athens
Year of publication 1991
942 ## - ADDED ENTRY ELEMENTS (KOHA)
Koha item type Books
Holdings
Withdrawn status Lost status Damaged status Not for loan Home library Current library Date acquired Full call number Accession Number Koha item type
        RRII Library RRII Library 16/12/2021 631.811.1:005 JOH 20879 Books